Normal view MARC view

Entry Nombre de reunión

Number of records used in: 1

001 - NÚMERO DE CONTROL

  • campo de control: 20276

003 - IDENTIFICADOR DEL NÚMERO DE CONTROL

  • campo de control: FranzMayer

005 - FECHA Y HORA DE LA ÚLTIMA TRANSACCIÓN

  • campo de control: 20190320210140.0

008 - DATOS DE LONGITUD FIJA

  • campo de control de longitud fija: 190320|| aca||aabn | a|a d

040 ## - FUENTE DE LA CATALOGACIÓN

  • Centro catalogador/agencia de origen: FranzMayer
  • Centro/agencia transcriptor: FranzMayer

111 ## - ENCABEZAMIENTO--NOMBRE DE CONGRESO/REUNIÓN

  • Nombre de congreso/reunión o jurisdicción como elemento de entrada: Ceremonia Conmemorativa del XL Aniversario de la Fundación del Banco de México
  • Fecha del congreso/reunión: Septiembre 9, 1965
  • Sede del congreso/Lugar de la reunión: México (Ciudad)

670 ## - FUENTE DE DATOS ENCONTRADOS

  • Cita de la fuente: Work cat.: (FranzMayer): Discurso pronunciado por el señor Lic. Antonio Ortiz Mena, Secretario de Hacienda y Crédito Público en la ceremonia Conmemorativa del XL Aniversario de la Fundacvión del Banco de México el jueves 9 de septiembre de 1965, 1965